000 00298nam a22001337a 4500
008 170619b xxu||||| |||| 00| 0 eng d
020 _a9780321089854
041 _aeng
080 _24 ED
_a32
100 _a20
101 _aSHP
245 _aCOMPARATIVE POLITICS
_cPOWELL.G.B
942 _2udc
_cBK
999 _c18194
_d18194